00860nam a2200265 u 450000100100000000500170001000800410002702000180006804100090008608200070009510000300010224501020013225000120023426000380024630000330028450000540031754600080037165000370037965000330041665000300044965000430047970000310052270000270055371000140058000006153220200120224050.0140704s2013 ck ao jr 000 0 spa d a97884155641880 aDspa042211 aAusten, Jane,b1775-1817.10aLos watson /cJane Austen ; ilustraciones de Sara Morante ; traducción de Íñigo Jáuregui. a1a. ed. aBogotá :bNordicalibros,c2013. a123 p. :bil., col.;e20 cm. aEj.1 de la Biblioteca Madrid ISBN: 9789586652575. aspa17aNovela juvenil británica2LEMB17aLiteratura británica2LEMB17aMujeresxLiteratura2LEMB17aHistoria británicaxLiteratura2LEMB1 aMorante, sara,eilustrador1 aJáuregui, Íñigo,2 etraductor